Statistics for Word Maker

Click here to take the quiz!

General Stats

  • This quiz has been taken 14 times
    (8 since last reset)
  • The average score is 8 of 47

Answer Stats

HintAnswer% Correct
F5Fried
88%
F6Friend
75%
D5Diner
63%
F5Fiend
63%
F5Fresh
50%
P5Pride
50%
S5Shine
50%
F5Fired
38%
H6Hinder
38%
H5Hired
38%
P5Pined
38%
S6Shiner
38%
S6Shined
25%
S5Spire
25%
D7Dishier
13%
F5Fined
13%
F6Finish
13%
I6Inside
13%
I7Insider
13%
I7Inspire
13%
R5Ripen
13%
S7Shinier
13%
S6Sniper
13%
S5Spend
13%
S5Spine
13%
F8Fiendish
0%
F8Finished
0%
F8Finisher
0%
F6Fished
0%
F7Fishier
0%
I8Inspired
0%
N7Nerdish
0%
P6Perish
0%
P7Pinfish
0%
R7Redfish
0%
R6Refind
0%
R8Refinish
0%
R6Reship
0%
R5Rinse
0%
R6Rinsed
0%
S5Shred
0%
S6Shrine
0%
S7Shrined
0%
S5Siren
0%
S6Spider
0%
S6Spined
0%
S7Spinier
0%

Score Distribution

Percentile by Number Answered

Percent of People with Each Score

Your Score History

You have not taken this quiz since the last reset